Catálogo
 En Linea

El siglo XVIII y la identidad lingüistica de México : (Registro nro. 39856)

Detalles MARC
000 -CABECERA
campo de control de longitud fija 00902nam a2200181 a 4500
001 - NÚMERO DE CONTROL
campo de control 000040366
005 - FECHA Y HORA DE LA ÚLTIMA TRANSACCIÓN
campo de control 20201002034103.0
008 - DATOS DE LONGITUD FIJA--INFORMACIÓN GENERAL
campo de control de longitud fija 130822s2007 mx 000 0 spa d
020 ## - NÚMERO INTERNACIONAL ESTÁNDAR DEL LIBRO
Número Internacional Estándar del Libro 9789703242078
040 ## - FUENTE DE LA CATALOGACIÓN
Centro catalogador/agencia de origen DO-SdBNP
Lengua de catalogación spa
Centro/agencia transcriptor BNPHU
100 1# - ENTRADA PRINCIPAL--NOMBRE DE PERSONA
Nombre de persona Company Company, Concepción.
9 (RLIN) 66665
245 03 - MENCIÓN DE TÍTULO
Título El siglo XVIII y la identidad lingüistica de México :
Resto del título Discurso de ingreso a la Academia Mexicana de la Lengua 10 de noviembre de 2005 /
Mención de responsabilidad, etc. Concepción Company Company.
246 14 - FORMA VARIANTE DE TÍTULO
Título propio/Titulo breve Discurso de ingreso a la Academia Mexicana de la Lengua 10 de noviembre de 2005.
260 ## - PUBLICACIÓN, DISTRIBUCIÓN, ETC.
Lugar de publicación, distribución, etc. México :
Nombre del editor, distribuidor, etc. Universidad Nacional Autónoma de México :
-- Difusión Cultural, Dirección General de Publicaciones y Fomen : Academia Mexicana de la Lengua,
Fecha de publicación, distribución, etc. 2007.
300 ## - DESCRIPCIÓN FÍSICA
Extensión 192 p. ;
Dimensiones 18 cm.
504 ## - NOTA DE BIBLIOGRAFÍA, ETC.
Nota de bibliografía, etc. Incluye referencias bibliográficas y notas al pie de las páginas
700 1# - PUNTO DE ACCESO ADICIONAL--NOMBRE DE PERSONA
Nombre de persona Moreno de Alba, José G.
9 (RLIN) 66210
Existencias
Estado de retiro Estado de pérdida Restricciones de uso No para préstamo Código de colección Localización permanente Ubicación/localización actual Ubicación en estantería Fecha de adquisición Número de inventario Total de préstamos Signatura topográfica completa Código de barras Fecha visto por última vez Número de copia Precio válido a partir de Tipo de ítem Koha
      Excluido de préstamo Monografías: Libros y Folletos General General En catalogación 22.08.2013 LF1   40366-10 25.06.2020 e. 3 25.06.2020 No se presta
      Excluido de préstamo Monografías: Libros y Folletos General General En catalogación 22.08.2013 LF1   40366-20 25.06.2020 e. 2 25.06.2020 No se presta
      Excluido de préstamo Monografías: Libros y Folletos General General En catalogación 22.08.2013 LF1   40366-30 25.06.2020   25.06.2020 No se presta

Con tecnología Koha